000 00383nam a22001697a 4500
005 20160511153831.0
008 160511b xxu||||| |||| 00| 0 eng d
020 _a978-8173713170
041 _aeng
082 _b1323
100 _aMaitland Iain
_9477
245 _aManaging Yourtive
260 _bUniversity Press
_c2010
300 _a79
650 _aManagement
_9241
942 _cBK
999 _c586
_d586